[Event "NED-ch U16 op"]
[Site "Borne"]
[Date "2019.08.09"]
[Round "8"]
[White "Michielsen, Lies"]
[Black "Visser, Barto"]
[Result "0-1"]
[WhiteElo "1489"]
[BlackElo "1389"]
[PlyCount "46"]
[EventDate "2019.08.05"]
[EventType "swiss"]
[EventRounds "9"]
[EventCountry "NED"]
[SourceTitle "EXT 2020"]
[Source "ChessBase"]
[SourceDate "2019.10.17"]
[SourceVersion "1"]
[SourceVersionDate "2019.10.17"]
[SourceQuality "1"]

1. e4 c5 2. Nf3 Nc6 3. d4 cxd4 4. Nxd4 g6 5. Nc3 Bg7 6. Be3 Nf6 7. Be2 0-0 8. 0-0 d5 9. Nxc6 bxc6 10. exd5 cxd5 11. Qd2 Re8 12. Rad1 Bb7 13. Bb5 Rf8 14. Rfe1 e5 15. Bc5 d4 16. Bxf8 Kxf8 17. Ne2 Kg8 18. f4 Qd5 19. Nc1 Qxb5 20. fxe5 Ne4 21. Qxd4 Bxe5 22. Qd7 Qc5+ 23. Kf1 Qf2# 0-1

[Event "Wch U16 Girls"]
[Site "Porto Carras"]
[Date "2018.10.26"]
[Round "7"]
[White "Michielsen, Lies"]
[Black "Xing, Ashley"]
[Result "0-1"]
[WhiteElo "1398"]
[BlackElo "1889"]
[PlyCount "76"]
[EventDate "2018.10.20"]
[EventType "swiss"]
[EventRounds "11"]
[EventCountry "GRE"]
[SourceTitle "CBM 187 Extra"]
[Source "ChessBase"]
[SourceDate "2018.11.04"]
[SourceVersion "1"]
[SourceVersionDate "2018.11.04"]
[SourceQuality "1"]

1. d4 Nf6 2. Nf3 e6 3. c4 Bb4+ 4. Bd2 a5 5. Nc3 Qe7 6. e3 0-0 7. Bd3 d6 8. a3 Bxc3 9. Bxc3 a4 10. 0-0 Nbd7 11. Bc2 Nb6 12. Qd3 Rd8 13. Rfd1 Bd7 14. Ng5 g6 15. e4 e5 16. f4 Bg4 17. Rf1 Nh5 18. g3 h6 19. Nf3 exf4 20. gxf4 Nxf4 21. Qe3 g5 22. Bd3 Re8 23. Rae1 Bh3 24. Rf2 Qe6 25. Kh1 Nxc4 26. Bxc4 Qxc4 27. Rg1 Ne2 28. Rxe2 Bf5 29. e5 dxe5 30. Nd2 Qc6+ 31. Rgg2 Bg4 32. Qe4 Bxe2 33. Qxc6 bxc6 34. Rxe2 exd4 35. Rxe8+ Rxe8 36. Bxd4 Re1+ 37. Bg1 Re2 38. Nc4 Rc2 0-1

[Event "BEL-ch U14 Girls"]
[Site "Blankenberge"]
[Date "2017.04.12"]
[Round "6"]
[White "Michielsen, Lies"]
[Black "Gelders, Hanne"]
[Result "1/2-1/2"]
[WhiteElo "1406"]
[BlackElo "1169"]
[PlyCount "72"]
[EventDate "2017.04.09"]
[EventType "swiss"]
[EventRounds "9"]
[EventCountry "BEL"]
[SourceTitle "CBM 178 Extra"]
[Source "ChessBase"]
[SourceDate "2017.06.22"]
[SourceVersion "1"]
[SourceVersionDate "2017.06.22"]
[SourceQuality "1"]

1. e4 d5 2. exd5 Nf6 3. Nf3 Nxd5 4. Bc4 Nc6 5. d4 Bg4 6. c3 e6 7. Bg5 Bxf3 8. Bxd5 Qxd5 9. Qxf3 Qxg5 10. Nd2 Bd6 11. Ne4 Qe7 12. 0-0 f5 13. Nxd6+ Qxd6 14. Rfe1 0-0-0 15. Re2 Rde8 16. Rae1 Rhf8 17. d5 Nd8 18. h3 g5 19. Re5 Qb6 20. b3 g4 21. hxg4 fxg4 22. Qg3 h5 23. Qh4 Rh8 24. R1e2 Qc5 25. dxe6 Qxc3 26. e7 Nc6 27. Rxh5 Rxh5 28. Qxh5 Rxe7 29. Qxg4+ Kd8 30. Qg8+ Kd7 31. Qd5+ Ke8 32. Qg8+ Kd7 33. Qd5+ Kc8 34. Qg8+ Kd7 35. Qd5+ Kc8 36. Qg8+ Kd7 1/2-1/2

[Event "BEL-ch U14 Girls"]
[Site "Blankenberge"]
[Date "2017.04.10"]
[Round "2"]
[White "Michielsen, Lies"]
[Black "Dgebuadze, Marie"]
[Result "0-1"]
[WhiteElo "1406"]
[BlackElo "1623"]
[PlyCount "50"]
[EventDate "2017.04.09"]
[EventType "swiss"]
[EventRounds "9"]
[EventCountry "BEL"]
[SourceTitle "CBM 178 Extra"]
[Source "ChessBase"]
[SourceDate "2017.06.22"]
[SourceVersion "1"]
[SourceVersionDate "2017.06.22"]
[SourceQuality "1"]

1. d4 d5 2. Nf3 Nf6 3. e3 e6 4. Bd3 Be7 5. Nbd2 Nbd7 6. 0-0 0-0 7. b3 b6 8. Ne5 Bb7 9. f4 c5 10. Qf3 Qc7 11. Qh3 h6 12. Bb2 Ne4 13. Ndf3 Bf6 14. Ng4 c4 15. Nxf6+ Ndxf6 16. Be2 cxb3 17. Ba3 b2 18. Bxb2 Qxc2 19. Ba3 Qxe2 20. Rfe1 Qf2+ 21. Kh1 Qxe1+ 22. Rxe1 Nf2+ 23. Kg1 Nxh3+ 24. gxh3 Rfc8 25. Ne5 Rc2 0-1